00765cam a22002417a 4500003000500000005001700005008004100022010001000063011001000073035001000083040000900093082002100102110005700123245010200180260002300282300003000305490003300335500004300368650004700411700001700458700001500475830003300490CHAP20220329141318.0971013s1988 fr r 00010 eng d a66230 a67202 a76672 cCHAP10a630.2bF46 v.3942 aFAO. General Fisheries Council for the Mediterranean10aReport of the technical consultation on stock assesment in the adriatic and the Ionian seas (5o.) aRome :bFAO,c1988 a306 P.b: Gráfs.; mapas 0aFAO. Informe de pescav; 394 aEdición bilingue (ingles, francés)14aRecursos marinosxRegión mediterránea.0 aCaddy, J. F.0 aSavini, M.0 aFAO. Informe de pescav; 394